Spoločenská zodpovednosť podniku ako súčasť podnikovej kultúry diplomová práca

Na minha lista:
Detalhes bibliográficos
Autor principal: Papcunová, Anna
Autor Corporativo: Podnikovohospodárska fakulta EU so sídlom v Košiciach. Katedra manažmentu
Outros Autores: Mihalčová, Bohuslava, 1963-
Formato: Livro
Idioma:eslovaco
Publicado em: Košice 2013
Tags: Adicionar Tag
Sem tags, seja o primeiro a adicionar uma tag!

MARC

LEADER 00000nbm a2200000 4500
001 0170145
005 20161109102323.6
041 0 |a slo 
044 |a SK 
245 1 0 |a Spoločenská zodpovednosť podniku ako súčasť podnikovej kultúry  |b diplomová práca  |c Anna Papcunová ; školiteľ: Bohuslava Mihalčová 
264 1 |a Košice  |c 2013 
300 |a 79 s. 
100 1 |a Papcunová, Anna 
700 1 |a Mihalčová, Bohuslava, 1963- 
710 2 |a Podnikovohospodárska fakulta EU so sídlom v Košiciach. Katedra manažmentu